Visualizzazione normale
Vista MARC
- Nunez Jose Luis
di Personal Name
Records bibliografici associati: 1
001 - CONTROL NUMBER
- control field: 26627
003 - CONTROL NUMBER IDENTIFIER
- control field: IT-RoPau
005 - DATE AND TIME OF LATEST TRANSACTION
- control field: 20140524152825.0
008 - FIXED-LENGTH DATA ELEMENTS
- fixed length control field: 140524|| aca||aabn | a|a d
040 ## - CATALOGING SOURCE
- Original cataloging agency: IT-RoPau
- Transcribing agency: IT-RoPau
100 ## - HEADING--PERSONAL NAME
- Personal name: Nunez Jose Luis
- Dates associated with a name: Codice autore SPICS: 28713
- Relator term: Autore
- Name of part/section of a work: Yo voy por la vida
670 ## - SOURCE DATA FOUND
- Source citation: Work cat.: (IT-RoPau)99414: AA.VV. 794, Momentos de paz - 2